000 00489nam a22001937a 4500
003 MPLRDC
005 20220104124636.0
008 210129b ||||| |||| 00| 0 eng d
020 _a7-5358-0092-0
082 _a380.8 DWSJ v.4
100 _a杨安峰著
245 _a似鸟非鸟的蝙蝠
_c
250 _a一版一刷
260 _a
_b湖南少年儿童出版社
_c1987
300 _b
490 _a动物世界丛书
650 _a动物学总论
942 _cBK
_o380.8 DWSJ v.4
999 _c20971
_d20961